Ropné šoky

Príčiny nerovného pohybu cien ropy. Výhodný predaj a nákup tejto komodity. Svetové rezervy ropy podľa regiónu v rokoch 1998-2002. Svetová produkcia ropy podľa regiónu v mil. barelov denne v rokoch 1998-2002. Stabilizácia ceny tejto energicky dôležitej komodity. Ceny ropy v rukách členských krajín O...

Ausführliche Beschreibung

Gespeichert in:
Bibliographische Detailangaben
1. Verfasser: Obadi, Saleh Mothana
Format: Buchkapitel
Sprache:Slowakisch
Schlagworte:
Tags: Tag hinzufügen
Keine Tags, Fügen Sie das erste Tag hinzu!

MARC

LEADER 00000naa$a2200000$$$4500
001 0007538
005 20230926070332.2
041 0 |a slo 
044 |a SK 
245 1 0 |a Ropné šoky  |c aut. Obadi Saleh Mothana 
520 |a Príčiny nerovného pohybu cien ropy. Výhodný predaj a nákup tejto komodity. Svetové rezervy ropy podľa regiónu v rokoch 1998-2002. Svetová produkcia ropy podľa regiónu v mil. barelov denne v rokoch 1998-2002. Stabilizácia ceny tejto energicky dôležitej komodity. Ceny ropy v rukách členských krajín OPEC-u. 
610 2 0 |a ropa 
610 2 0 |a komodity 
610 2 0 |a ceny nákupné 
610 2 0 |a ceny predajné 
610 2 0 |a produkcia 
610 2 0 |a OPEC 
100 1 |a Obadi, Saleh Mothana